UBT Library

Harenberg Kompaktlexikon (Record no. 113)

000 -LEADER
fixed length control field 01625nam a22005177a 4500
008 - FIXED-LENGTH DATA ELEMENTS--GENERAL INFORMATION
fixed length control field 131011b xxu||||| |||| 00| 0 ger d
020 ## - INTERNATIONAL STANDARD BOOK NUMBER
International Standard Book Number 3611003360
041 0# - LANGUAGE CODE
Language code of text/sound track or separate title ger
080 ## - UNIVERSAL DECIMAL CLASSIFICATION NUMBER
Universal Decimal Classification number 03
100 ## - Rafti
Rafti
245 ## - TITLE STATEMENT
Title Harenberg Kompaktlexikon
Statement of responsibility, etc Peter Bayerlein ; Johannes Becher ; Brigitte Beier... etj.
260 ## -
-- Dortmund :
-- Harenberg Lexikon Verlag,
-- 1994
300 ## -
-- [3] vëllime :
-- me il. ;
-- 19 cm.
500 ## -
-- Hinweise für den Benutzer =[Udhëzime për përdoruesit] : f. 5-6
500 ## -
-- Abkürzungsverzeichnis = [Lista e shkurtesave] : f. 7-8
505 ## -
-- Vëllimi 1 : A-Dn
-- Vëllimi 2 : Do-Hus
-- Vëllimi 3 : Hut-Mek
650 ## -
-- Enciklopeditë
650 ## -
-- Leksikonet
700 ## -
-- Bayerlein, Peter
700 ## -
-- Becher, Johannes
700 ## -
-- Beier, Brigitte
700 ## -
-- Blum, Wolfang Dr.
700 ## -
-- Börnsen-Holtmann, Nina Dr
700 ## -
-- Brocks, Manfred
700 ## -
-- Eschenhagen, Wieland
700 ## -
-- Eser-Gremmel, Constanze
700 ## -
-- Esser, Brigitte
700 ## -
-- Fries, Ursula Dr.
700 ## -
-- Gehlhoff, Beatrix
700 ## -
-- Innich, Egon
700 ## -
-- Intemann, Gabriele
700 ## -
-- Köhler, Jutta Dr.
700 ## -
-- Miklin, Richard Dr.
700 ## -
-- Müller, Ingo Dr.
700 ## -
-- Niedergesäß, Siggi
700 ## -
-- Patzer, Georg
700 ## -
-- Peter, Roland Dr.
700 ## -
-- Regler, Juliane
700 ## -
-- Reuter, Ingrid
700 ## -
-- Schmitt, Michael Dr.
700 ## -
-- Schütt, Christian
700 ## -
-- Stehr, Rainer
700 ## -
-- Venhoff, Michael
700 ## -
-- Wember, Carsten
942 ## - ADDED ENTRY ELEMENTS (KOHA)
Source of classification or shelving scheme
Item type Books
Holdings
Withdrawn status Lost status Source of classification or shelving scheme Damaged status Not for loan Collection code Permanent location Current location Shelving location Date acquired Total Checkouts Full call number Barcode Date last seen Koha item type
          Koleksioni i përgjithshem UBT - Prishtine UBT - Prishtine Koleksioni i përgjithshem 10/11/2013   03 HAR 001-000118 10/11/2013 Books
          Koleksioni i përgjithshem UBT - Prishtine UBT - Prishtine Koleksioni i përgjithshem 10/17/2013   03 HAR 001-000119 10/17/2013 Books
          Koleksioni i përgjithshem UBT - Prishtine UBT - Prishtine Koleksioni i përgjithshem 10/17/2013   03 HAR 001-000120 10/17/2013 Books
UBT Library © 2015-2024. All rights reserved University Education for Business and Technology